Movies Quiz

Random Movies or Color Quiz
Score 0/25 Timer 08:00
62 Plays Today
% Correct
Correct! Starting off easy, Ariel's hair is red of course!
98.5%
Correct! No coffee spills on this movie.
84.2%
Correct! The colors of Mowgli and Baloo, are entirely true.
73%
Correct! Peter's shirt is as green as the rest of his outfit.
71%
Correct! This lovely couple is historically accurate.
70.9%
Me unaffected, you correct!
69.8%
Correct! An apple a day keeps the Queen at bay, but that apple should be red.
68.3%
Correct! This beauty is entirely accurate.
67.4%
Correct! This movie bolted out of harms way and is unaffected
65.7%
Correct! Toulouse's fur is a purrfect shade of orange, not blue.
62.6%
Correct! If I told you any colors were altered, I'd be lying.
61.7%
Correct! Christopher Robin wears a yellow shirt, not pink.
61.4%
Correct! Zootopia was not one of the casualties.
60.4%
% Correct
Correct! Hades' hair burns blue hot, not pink.
59.1%
Correct! Pascal is obviously green, not blue. It's not like he's a chameleon.
58.8%
Correct! The Rabbit's clock is golden, not blue.
56.7%
Correct! Nothing wrong with this movie, although kissing a frog is kind of weird.
55.1%
Correct! Timothy Q. Mouse's dresscode is red, not purple.
52.1%
Correct! Jaq and Gus are entirely unaffected.
49.7%
Correct! Miss Bianca's exquisite garments are purple, not yellow.
46.6%
Correct! The fringes on Flying Carpet are gold, not purple.
46.3%
Correct! While Ralph looks great in denim, his actual pants are red.
44.5%
Correct! The yellow parts of Rafiki's face should be blue.
43.2%
Correct! Chicken Little's glasses should be green, not red.
35.7%
Correct! The feather in Robin's hat should be red.
15.2%
Remove Ads.
Support Sporcle.
Get the best of Sporcle when you Go Orange. This ad-free experience offers more features, more stats, and more fun while also helping to support Sporcle. Thank you for becoming a member.

You're not logged in!

Compare scores with friends on all Sporcle quizzes.
OR
Log In

Sporcle TV

Today on Sporcle TV


Watch our educational content, quiz creation guides, and fun videos on Sporcle TV.

Show Comments

Extras

Top Quizzes Today


Score Distribution

Paid Content

Your Account Isn't Verified!

In order to create a playlist on Sporcle, you need to verify the email address you used during registration. Go to your Sporcle Settings to finish the process.

Report this User

Report this user for behavior that violates our Community Guidelines.

Details: